[Event "33rd Zalakaros Open 2014"]
[Site "Zalakaros HUN"]
[Date "2014.05.24"]
[Round "2.33"]
[White "Terbe, Julianna"]
[Black "Radnai, Adam"]
[Result "1/2-1/2"]
[BlackTitle "FM"]
[WhiteElo "2130"]
[BlackElo "2329"]
[WhiteFideId "708780"]
[BlackFideId "726702"]
[EventDate "2014.05.23"]
[EventType "tourn"]

1. d4 f5 2. c4 Nf6 3. Nc3 g6 4. Bf4 Bg7 5. h3 O-O 6. Nf3 d6 7. e3 c6 8. Be2 Qe8
9. O-O Nbd7 10. Qb3 e5 11. Bh2 e4 12. Nd2 Rf7 13. Bxd6 Nf8 14. d5 Qd8 15. Bh2
N6d7 16. Rfd1 c5 17. Qc2 Be5 18. Bxe5 Nxe5 19. Rab1 Bd7 20. b4 cxb4 21. Rxb4 b6
22. Nb5 Qe7 23. Rb2 Bxb5 1/2-1/2

[Event "33rd Zalakaros Open 2014"]
[Site "Zalakaros HUN"]
[Date "2014.05.24"]
[Round "2.34"]
[White "Tesik, Csaba"]
[Black "Maroroa, Sue"]
[Result "1-0"]
[WhiteTitle "FM"]
[BlackTitle "WIM"]
[WhiteElo "2329"]
[BlackElo "2131"]
[WhiteFideId "735582"]
[BlackFideId "4301498"]
[EventDate "2014.05.23"]
[EventType "tourn"]

1. e4 e5 2. Nf3 Nc6 3. Bb5 a6 4. Ba4 Nf6 5. d3 d6 6. c3 Bd7 7. O-O h6 8. Re1 Ne7
9. Bc2 g5 10. Nbd2 Ng6 11. Nf1 Bg4 12. Ne3 Bh5 13. Nf5 Nh4 14. N5xh4 gxh4 15. d4
Qe7 16. h3 O-O-O 17. Qd3 Nd7 18. Nh2 Bg7 19. d5 Bf6 20. Nf1 Rdg8 21. Bd1 Bxd1
22. Qxd1 Rg6 23. Ne3 Rhg8 24. Kh1 Bg5 25. Nf5 Qf6 26. Rg1 Kb8 27. b4 Nb6 28. a4
Bxc1 29. Rxc1 Nc8 30. c4 Ne7 31. Nxe7 Qxe7 32. c5 dxc5 33. bxc5 c6 34. d6 Qe6
35. Rb1 Qc4 36. Qf3 f6 37. Rgc1 Qe6 38. Rg1 Qc4 39. Qb3 Qxb3 40. Rxb3 a5 41. Rf3
Rf8 42. g3 hxg3 43. Rfxg3 Rg5 44. Kh2 Ka7 45. h4 Rh5 46. Kh3 f5 47. Rg7 fxe4 48.
Rb1 Rhf5 49. Rbxb7+ Ka8 50. Ra7+ Kb8 51. Rgb7+ Kc8 52. d7+ 1-0

[Event "33rd Zalakaros Open 2014"]
[Site "Zalakaros HUN"]
[Date "2014.05.24"]
[Round "2.35"]
[White "Vegh, Endre"]
[Black "Hrbolka, Ladislav"]
[Result "1-0"]
[WhiteTitle "IM"]
[BlackTitle "FM"]
[WhiteElo "2293"]
[BlackElo "2110"]
[WhiteFideId "700568"]
[BlackFideId "300772"]
[EventDate "2014.05.23"]
[EventType "tourn"]

1. d4 Nf6 2. c4 Nc6 3. Nf3 e6 4. Nc3 d6 5. e4 g6 6. Bg5 h6 7. Bf4 g5 8. Be3 Bg7
9. h4 g4 10. Nh2 e5 11. d5 Nd4 12. g3 c5 13. dxc6 bxc6 14. Bxd4 exd4 15. Qxd4
O-O 16. Qd2 Be6 17. Be2 Rb8 18. Rb1 Qa5 19. O-O Rfd8 20. Rfd1 h5 21. Nf1 Qe5 22.
Qe3 Rd7 23. Qf4 Ne8 24. Nd2 Rdb7 25. Nb3 Rb4 26. Qe3 a5 27. Rd2 Qf6 28. Qa7 Qd8
29. Qe3 Qb6 30. Qxb6 R4xb6 31. c5 dxc5 32. Na4 Rb4 33. Nbxc5 Bxa2 34. Ra1 Bb3
35. Na6 Bxa4 36. Nxb8 Bxb2 37. Rxa4 Rxa4 38. Rxb2 1-0

[Event "33rd Zalakaros Open 2014"]
[Site "Zalakaros HUN"]
[Date "2014.05.25"]
[Round "3.2"]
[White "Beliavsky, Alexander G"]
[Black "Berkes, Ferenc"]
[Result "0-1"]
[WhiteTitle "GM"]
[BlackTitle "GM"]
[WhiteElo "2620"]
[BlackElo "2665"]
[WhiteFideId "14602377"]
[BlackFideId "718572"]
[EventDate "2014.05.23"]
[EventType "swiss"]

1. d4 Nf6 2. c4 g6 3. Nc3 d5 4. cxd5 Nxd5 5. e4 Nxc3 6. bxc3 Bg7 7. Be3 c5 8.
Rc1 Qa5 9. Qd2 cxd4 10. cxd4 Qxd2+ 11. Kxd2 O-O 12. Nf3 Nc6 13. d5 Rd8 14. Bc4
Na5 15. Bd4 e6 16. Bxg7 Kxg7 17. Bd3 exd5 18. e5 Nc4+ 19. Kc3 Bg4 20. Kd4 Na5
21. Bb5 a6 22. Ba4 Rac8 23. Ke3 Nc4+ 24. Kd4 b5 25. Bb3 a5 26. Bd1 Na3 27. Rxc8
Rxc8 28. Bb3 Be6 29. Ng5 a4 30. Nxe6+ fxe6 31. Bd1 Rc1 32. Rf1 Nc2+ 33. Kd3 Nb4+
34. Kd2 Nxa2 35. Re1 d4 0-1

[Event "33rd Zalakaros Open 2014"]
[Site "Zalakaros HUN"]
[Date "2014.05.25"]
[Round "3.3"]
[White "Chernyshov, Konstantin"]
[Black "Jones, Gawain C B"]
[Result "1/2-1/2"]
[WhiteTitle "GM"]
[BlackTitle "GM"]
[WhiteElo "2508"]
[BlackElo "2645"]
[WhiteFideId "4117328"]
[BlackFideId "409561"]
[EventDate "2014.05.23"]
[EventType "swiss"]

1. d4 Nf6 2. g3 g6 3. Bg2 Bg7 4. e4 d6 5. Ne2 O-O 6. O-O c5 7. c3 e5 8. h3 Qe7
9. Bg5 exd4 10. cxd4 h6 11. Bxf6 Qxf6 12. Nbc3 cxd4 13. Nd5 Qd8 14. Nxd4 Nc6 15.
Nxc6 bxc6 16. Nc3 Ba6 17. Re1 Rb8 18. Qc2 Qa5 19. Rac1 d5 20. e5 d4 21. Ne4 d3
22. Qxc6 Rxb2 23. Red1 Bxe5 24. Rc5 Rb5 25. Bf1 Bd4 26. Rxb5 Bxb5 27. Qd5 Qb6
28. Rb1 Bc6 29. Rxb6 Bxd5 30. Rd6 Bxe4 31. Rxd4 Bf5 32. g4 Be6 33. Bxd3 Bxa2 34.
Ra4 Rd8 35. Be4 Rd1+ 36. Kg2 Bd5 1/2-1/2

[Event "33rd Zalakaros Open 2014"]
[Site "Zalakaros HUN"]
[Date "2014.05.25"]
[Round "3.4"]
[White "Erdos, Viktor"]
[Black "Kovchan, Alexander"]
[Result "1/2-1/2"]
[WhiteTitle "GM"]
[BlackTitle "GM"]
[WhiteElo "2651"]
[BlackElo "2558"]
[WhiteFideId "719978"]
[BlackFideId "14103052"]
[EventDate "2014.05.23"]
[EventType "swiss"]

1. d4 Nf6 2. c4 g6 3. Nc3 d5 4. cxd5 Nxd5 5. e4 Nxc3 6. bxc3 Bg7 7. Nf3 O-O 8.
Be2 b6 9. O-O Bb7 10. Qd3 Ba6 11. Qe3 Qd7 12. Bxa6 Nxa6 13. a4 Nb8 14. Qe2 Nc6
15. Bg5 Na5 16. Rfd1 Qc6 17. Rd3 Rfe8 18. h4 h6 19. Bf4 Nc4 20. e5 Qd5 21. Re1
Rad8 22. Nh2 c5 23. Ng4 h5 24. Nh2 Na5 25. g4 hxg4 26. Qxg4 Qe6 27. Qxe6 fxe6
28. Nf3 Rf8 29. Re4 cxd4 30. cxd4 Nb7 31. Rc3 Rc8 32. Rxc8 Rxc8 33. Bg5 Bf8 34.
Rg4 Kh7 35. Rf4 Kg8 36. Rg4 Kh7 37. Bd2 Bh6 38. Bxh6 Kxh6 39. Rf4 Nd8 40. Kg2
Kg7 41. Rg4 Kh7 42. Rf4 Kg7 43. Rg4 Kh7 44. Rf4 1/2-1/2

[Event "33rd Zalakaros Open 2014"]
[Site "Zalakaros HUN"]
[Date "2014.05.25"]
[Round "3.5"]
[White "Fodor, Tamas Jr."]
[Black "Kovalenko, Igor"]
[Result "1-0"]
[WhiteTitle "GM"]
[BlackTitle "GM"]
[WhiteElo "2462"]
[BlackElo "2611"]
[WhiteFideId "723762"]
[BlackFideId "14117908"]
[EventDate "2014.05.23"]
[EventType "swiss"]

1. d4 f5 2. g3 Nf6 3. Bg2 d6 4. c4 g6 5. Nc3 Bg7 6. Nf3 O-O 7. O-O c6 8. b3 Na6
9. Bb2 Qe8 10. d5 Bd7 11. Qd2 Nc5 12. Ne1 Qf7 13. Rd1 Rac8 14. Nc2 Nce4 15. Nxe4
Nxe4 16. Bxe4 Bxb2 17. dxc6 bxc6 18. Bg2 Bg7 19. Qa5 f4 20. Nd4 Qe8 21. Qxa7 Ra8
22. Qc7 Ra6 23. a4 g5 24. Nc2 Qc8 25. Qxc8 Rxc8 26. e3 Rb8 27. Rd3 Bf5 28. e4
Bg4 29. Bf3 Bh3 30. Rfd1 Be6 31. gxf4 gxf4 32. Na3 Rab6 33. Rb1 Rb4 34. Kg2 Be5
35. h3 Kg7 36. Bg4 Bf7 37. Bd7 R8b6 38. Kf1 Kf6 39. Bg4 Rb8 40. Be2 Kg5 41. Kg2
h5 42. Bd1 Kh4 43. Bc2 Be6 44. Rh1 Kg5 45. Nb1 Kf6 46. Nd2 Rg8+ 47. Kf3 Rc8 48.
Ke2 d5 49. Rb1 dxc4 50. bxc4 Rxb1 51. Bxb1 Bd6 52. Ba2 Bb4 53. h4 Bg4+ 54. Nf3
Ra8 55. Bb3 Bc5 56. Bd1 Be6 57. Bb3 Rb8 58. Nd2 Ke5 59. Nf3+ Kxe4 60. Rd5 1-0

[Event "33rd Zalakaros Open 2014"]
[Site "Zalakaros HUN"]
[Date "2014.05.25"]
[Round "3.6"]
[White "Banusz, Tamas"]
[Black "Horvath, Jozsef1"]
[Result "0-1"]
[WhiteTitle "GM"]
[BlackTitle "GM"]
[WhiteElo "2609"]
[BlackElo "2507"]
[WhiteFideId "722413"]
[BlackFideId "700061"]
[EventDate "2014.05.23"]
[EventType "swiss"]

1. Nf3 f5 2. g3 Nf6 3. Bg2 g6 4. O-O Bg7 5. d4 O-O 6. b3 d6 7. Bb2 c6 8. c4 Qc7
9. Qc2 Re8 10. Nbd2 e5 11. c5 e4 12. cxd6 Qxd6 13. Ne5 Be6 14. Ndc4 Qc7 15. f3
exf3 16. exf3 f4 17. Rfe1 Na6 18. Qd2 Nd5 19. Rac1 Rad8 20. Bf1 Bf8 21. Qf2 Bh6
22. g4 Bg7 23. Bd3 Nab4 24. Bb1 Nb6 25. Nd2 N4d5 26. Ne4 Nd7 27. Nd3 Nf8 28. h4
Bc8 29. Qh2 Ne6 30. Qf2 Ne3 31. Nxf4 Qxf4 32. Qxe3 Qxe3+ 33. Rxe3 Nxd4 34. Kg2
b6 35. b4 Ba6 36. Rce1 Rf8 37. Bc3 Bc4 38. Nd2 Bd5 39. Be4 Bxe4 40. Nxe4 Nc2 41.
Bxg7 Kxg7 42. Ng5 Kg8 43. Kf2 Nxe1 44. Rxe1 Rd2+ 45. Kg3 Rxa2 46. Re6 Rc2 47. h5
gxh5 48. gxh5 Rf5 49. f4 Rc4 50. h6 Rcxf4 51. Re8+ Rf8 52. Re7 R4f7 53. Nxf7
Rxf7 54. Re8+ Rf8 55. Re7 Rf6 56. Rg7+ Kh8 57. Rxa7 Rxh6 58. Rc7 Rf6 59. Kg4 h6
60. Re7 Kg8 61. b5 cxb5 62. Re5 Kf7 63. Rxb5 Ke7 64. Rd5 Ke6 65. Rd8 Ke5 0-1

[Event "33rd Zalakaros Open 2014"]
[Site "Zalakaros HUN"]
[Date "2014.05.25"]
[Round "3.7"]
[White "Romanishin, Oleg M"]
[Black "Grigoriants, Sergey"]
[Result "1/2-1/2"]
[WhiteTitle "GM"]
[BlackTitle "GM"]
[WhiteElo "2482"]
[BlackElo "2595"]
[WhiteFideId "14100088"]
[BlackFideId "4130804"]
[EventDate "2014.05.23"]
[EventType "swiss"]

1. Nf3 c5 2. e4 e6 3. d3 Nc6 4. g3 d5 5. Qe2 Nge7 6. Bg2 g6 7. O-O Bg7 8. e5 Qc7
9. Re1 h6 10. h4 Nd4 11. Nxd4 cxd4 12. c3 Nc6 13. Bf4 g5 14. hxg5 hxg5 15. Bxg5
Qxe5 16. Qxe5 Nxe5 17. cxd4 Nxd3 1/2-1/2

[Event "33rd Zalakaros Open 2014"]
[Site "Zalakaros HUN"]
[Date "2014.05.25"]
[Round "3.8"]
[White "Onischuk, Vladimir"]
[Black "Tolnai, Tibor"]
[Result "1-0"]
[WhiteTitle "GM"]
[BlackTitle "GM"]
[WhiteElo "2594"]
[BlackElo "2469"]
[WhiteFideId "14114038"]
[BlackFideId "700126"]
[EventDate "2014.05.23"]
[EventType "swiss"]

1. e4 c5 2. Nf3 d6 3. d4 cxd4 4. Nxd4 Nf6 5. Nc3 Nc6 6. g3 g6 7. Bg2 Nxd4 8.
Qxd4 Bg7 9. e5 Nd7 10. Qa4 O-O 11. exd6 exd6 12. O-O Nb6 13. Qb4 a5 14. Qf4 Be5
15. Qf3 Bf5 16. Bf4 Re8 17. Bxe5 Rxe5 18. Qxb7 Rb8 19. Qa7 Bxc2 20. Rac1 Bf5 21.
Rfd1 Rc8 22. Re1 Rcc5 23. Rxe5 Rxe5 24. h3 h5 25. Rd1 Rc5 26. h4 d5 27. a4 Be6
28. Ne4 Qc7 29. Nf6+ Kf8 30. Qa6 Rc1 31. Rxc1 Qxc1+ 32. Kh2 Qxb2 33. Qxa5 Qxf2
34. Qa7 Qxf6 35. Qxb6 Kg7 36. a5 Bc8 37. Qxf6+ Kxf6 38. Bxd5 g5 39. Kg2 gxh4 40.
gxh4 Kf5 41. Kg3 Kg6 42. Kf4 f6 43. Be4+ Kg7 44. Bf5 Ba6 45. Ke3 Kf7 46. Kd4 Bb7
47. Be4 Bc8 48. Bf3 Kg6 49. Be2 Kh6 50. Bb5 Bb7 51. Be8 Ba6 52. Kc5 Bc8 53. Kd6 1-0

[Event "33rd Zalakaros Open 2014"]
[Site "Zalakaros HUN"]
[Date "2014.05.25"]
[Round "3.9"]
[White "Papp, Gabor1"]
[Black "Seres, Lajos"]
[Result "1-0"]
[WhiteTitle "GM"]
[BlackTitle "GM"]
[WhiteElo "2580"]
[BlackElo "2435"]
[WhiteFideId "718602"]
[BlackFideId "701254"]
[EventDate "2014.05.23"]
[EventType "swiss"]

1. e4 e5 2. Nf3 Nc6 3. Bb5 a6 4. Ba4 Nf6 5. O-O Be7 6. d3 d6 7. c3 O-O 8. Re1 b5
9. Bc2 Bb7 10. Nbd2 d5 11. Qe2 Re8 12. Nb3 dxe4 13. dxe4 Nd7 14. Be3 Bd6 15. a4
b4 16. a5 Qe7 17. Nfd2 Nc5 18. Nxc5 Bxc5 19. Bxc5 Qxc5 20. Nb3 Qe7 21. Qe3 bxc3
22. bxc3 Nd8 23. Nc5 Bc6 24. Bb3 Nb7 25. Nxb7 Bxb7 26. Ba4 Red8 27. Reb1 c5 28.
Rb6 Rac8 29. Rab1 Rc7 30. Bd1 c4 31. Be2 Bc8 32. h3 Rc5 33. Rb8 Qc7 34. Ra8 g6
35. Rbb8 h5 36. Qg5 Kh7 37. g4 Rxa5 38. gxh5 Rb5 39. hxg6+ fxg6 40. Rxa6 Bxa6
41. Rxd8 Kg7 42. Qh4 1-0

[Event "33rd Zalakaros Open 2014"]
[Site "Zalakaros HUN"]
[Date "2014.05.25"]
[Round "3.10"]
[White "Nagy, Gabor1"]
[Black "Gonda, Laszlo"]
[Result "1/2-1/2"]
[WhiteTitle "IM"]
[BlackTitle "GM"]
[WhiteElo "2438"]
[BlackElo "2563"]
[WhiteFideId "737119"]
[BlackFideId "720852"]
[EventDate "2014.05.23"]
[EventType "swiss"]

1. d4 d5 2. c4 c6 3. Nc3 Nf6 4. e3 e6 5. Nf3 Nbd7 6. Bd3 dxc4 7. Bxc4 b5 8. Bd3
Bd6 9. O-O Bb7 10. Qc2 O-O 11. a3 Rc8 12. b4 a5 13. Rb1 axb4 14. axb4 Qe7 15. e4
e5 16. Ne2 Rfe8 17. Bg5 h6 18. Bh4 exd4 19. Nexd4 c5 20. Nf5 Qe6 21. Nxd6 Qxd6
22. Bxb5 Bxe4 23. Qd1 Qxd1 24. Rbxd1 Bc6 25. Bxc6 1/2-1/2

[Event "33rd Zalakaros Open 2014"]
[Site "Zalakaros HUN"]
[Date "2014.05.25"]
[Round "3.11"]
[White "Horvath, Adam1"]
[Black "Bokros, Albert"]
[Result "1-0"]
[WhiteTitle "GM"]
[BlackTitle "IM"]
[WhiteElo "2531"]
[BlackElo "2461"]
[WhiteFideId "708003"]
[BlackFideId "710458"]
[EventDate "2014.05.23"]
[EventType "swiss"]

1. e4 c5 2. Nf3 Nc6 3. d4 cxd4 4. Nxd4 Qb6 5. Nb3 Nf6 6. Nc3 e6 7. Qe2 d6 8. Bf4
a6 9. O-O-O Qc7 10. g4 Be7 11. g5 Nd7 12. Be3 b5 13. f4 b4 14. Na4 Bb7 15. Qf2
Na5 16. Nb6 Nxb3+ 17. axb3 Nxb6 18. Bxb6 Qd7 19. Bd3 O-O 20. Rhg1 Bd8 21. Bd4 a5
22. Qh4 e5 23. fxe5 dxe5 24. Bxe5 Qe6 25. Bf6 g6 26. Rdf1 h5 27. gxh6 Kh7 28. e5
Bb6 29. Rxg6 Be3+ 30. Kb1 fxg6 31. Bxg6+ Kxg6 32. Rg1+ Kh7 33. Rg7+ Kh8 34. Rf7+ 1-0

[Event "33rd Zalakaros Open 2014"]
[Site "Zalakaros HUN"]
[Date "2014.05.25"]
[Round "3.12"]
[White "Petenyi, Tamas"]
[Black "Antal, Gergely"]
[Result "1/2-1/2"]
[WhiteTitle "IM"]
[BlackTitle "GM"]
[WhiteElo "2448"]
[BlackElo "2529"]
[WhiteFideId "14909090"]
[BlackFideId "717312"]
[EventDate "2014.05.23"]
[EventType "swiss"]

1. e4 e6 2. d4 d5 3. Nd2 Nf6 4. e5 Nfd7 5. Bd3 c5 6. c3 Nc6 7. Ne2 cxd4 8. cxd4
f6 9. exf6 Qxf6 10. Nf3 h6 11. O-O Bd6 12. Ng3 O-O 13. Bc2 Rf7 14. Nh5 Qe7 15.
Bg6 Rxf3 16. Qxf3 Nxd4 17. Qd1 Ne5 18. Qxd4 Nxg6 19. Be3 Qf7 20. f4 Ne7 21. Ng3
Bd7 22. Rad1 Bb5 23. Rf3 Nc6 24. Qd2 Rd8 25. Qe1 d4 26. Bd2 Bc4 27. Ne4 Be7 28.
b3 Bd5 29. Rf1 Qg6 30. Ng3 h5 31. f5 exf5 32. Qf2 Rf8 33. Ne2 Bh4 34. g3 f4 35.
Nxf4 Qe4 36. Qg2 Rxf4 37. Qxe4 Rxe4 38. gxh4 Rg4+ 39. Kf2 Rg2+ 40. Ke1 Rxh2 41.
Rf2 Rh1+ 42. Rf1 Rxh4 43. Bf4 Rg4 44. Rf2 h4 45. Rc1 Be4 46. Kd2 h3 47. Bd6 g6
48. b4 a6 49. a4 Rg2 50. Rxg2 hxg2 51. Re1 b5 52. Bh2 Bd5 53. axb5 axb5 54. Ra1
Kf7 55. Bg1 Bc4 56. Re1 Bd5 57. Rc1 Bc4 58. Re1 Kf6 59. Re4 Ne5 60. Rf4+ Kg5 61.
Rf8 Bf7 62. Ke2 d3+ 63. Ke3 d2 64. Rd8 Nc4+ 65. Ke2 Kf5 66. Rxd2 Nxd2 67. Kxd2
Ke4 68. Ke2 Kd5 69. Kd3 g5 70. Bc5 Bh5 71. Bg1 Bf3 72. Bc5 g4 73. Bg1 Be4+ 74.
Kc3 Bg6 75. Bc5 Ke4 76. Kd2 g1=Q 77. Bxg1 Kf3 78. Ke1 Bd3 79. Ba7 Bc4 80. Bb8 g3
81. Bc7 Kg2 82. Bb8 Kh2 83. Bc7 Kh3 84. Bb8 1/2-1/2

[Event "33rd Zalakaros Open 2014"]
[Site "Zalakaros HUN"]
[Date "2014.05.25"]
[Round "3.13"]
[White "Korpa, Bence"]
[Black "Hoang, Thanh Trang"]
[Result "1-0"]
[WhiteTitle "FM"]
[BlackTitle "GM"]
[WhiteElo "2415"]
[BlackElo "2509"]
[WhiteFideId "706671"]
[BlackFideId "12400149"]
[EventDate "2014.05.23"]
[EventType "swiss"]

1. g3 e5 2. c4 f5 3. Bg2 Nf6 4. Nc3 Nc6 5. d3 d6 6. e4 g6 7. Nge2 Bg7 8. O-O O-O
9. Nd5 Be6 10. Bg5 Qd7 11. Qd2 Nh5 12. Be3 Nd4 13. Bxd4 exd4 14. Qc2 fxe4 15.
dxe4 Qf7 16. Rac1 c6 17. Ndf4 Nxf4 18. Nxf4 Bg4 19. Rce1 Rae8 20. f3 Bd7 21. Nd3
c5 22. f4 b5 23. b3 bxc4 24. bxc4 Bc6 25. Rf2 Qb7 26. Rfe2 Re7 27. Nc1 Rfe8 28.
Nb3 Qb4 29. Qd3 a5 30. Nd2 Qc3 31. Qxc3 dxc3 32. Nb1 Rb8 33. e5 Bxg2 34. Kxg2
dxe5 35. Nxc3 e4 36. Nxe4 Bd4 37. Kf3 Rb4 38. Nd6 Rd7 39. Re8+ Kg7 40. R8e7+
Rxe7 41. Rxe7+ Kf6 42. Re2 a4 43. g4 h6 44. h4 a3 45. g5+ hxg5 46. hxg5+ Kg7 47.
Re7+ Kf8 48. Rf7+ Kg8 49. Ra7 Bb2 50. Ke4 Bc1 51. f5 gxf5+ 52. Kxf5 Kf8 53. g6
Rb2 54. Rf7+ Kg8 55. Ne4 1-0

[Event "33rd Zalakaros Open 2014"]
[Site "Zalakaros HUN"]
[Date "2014.05.25"]
[Round "3.14"]
[White "Horvath, Csaba"]
[Black "Gledura, Benjamin"]
[Result "1/2-1/2"]
[WhiteTitle "GM"]
[BlackTitle "FM"]
[WhiteElo "2560"]
[BlackElo "2395"]
[WhiteFideId "700118"]
[BlackFideId "712779"]
[EventDate "2014.05.23"]
[EventType "swiss"]

1. Nf3 d5 2. e3 Nf6 3. c4 c6 4. Nc3 e6 5. b3 Nbd7 6. Qc2 Bd6 7. Bb2 O-O 8. Be2
Qe7 9. Rg1 e5 10. g4 a5 11. g5 Ne4 12. Nxe4 dxe4 13. Qxe4 Nc5 14. Qc2 a4 15. b4
a3 16. Bc3 Na4 17. c5 Bc7 18. Bc4 Nxc3 19. Qxc3 Bf5 20. Nh4 Be6 21. O-O-O Rfd8
22. Qb3 Bxc4 23. Qxc4 g6 24. Nf3 e4 25. Nd4 Bxh2 26. Rg4 Rd5 27. f4 exf3 28.
Nxf3 Be5 29. Rh1 Rad8 30. Rgh4 Qe6 31. Rxh7 Bb2+ 32. Kb1 Qf5+ 33. e4 Qxf3 34.
exd5 Qf5+ 35. Qc2 Qxd5 36. Qxb2 Qxh1+ 37. Rxh1 axb2 38. Kc2 Rd5 39. Rg1 b1=Q+
40. Rxb1 Rxg5 41. a4 Rd5 1/2-1/2

[Event "33rd Zalakaros Open 2014"]
[Site "Zalakaros HUN"]
[Date "2014.05.25"]
[Round "3.15"]
[White "Medvegy, Zoltan"]
[Black "Kantor, Gergely"]
[Result "1-0"]
[WhiteTitle "GM"]
[BlackTitle "FM"]
[WhiteElo "2522"]
[BlackElo "2380"]
[WhiteFideId "708402"]
[BlackFideId "751499"]
[EventDate "2014.05.23"]
[EventType "swiss"]

1. Nf3 d5 2. g3 c6 3. Bg2 Bg4 4. c4 e6 5. Qb3 Qb6 6. d4 Nd7 7. Nc3 Ngf6 8. c5
Qxb3 9. axb3 a6 10. b4 Rc8 11. Bf4 Be7 12. Nd2 O-O 13. f3 Bh5 14. e4 Ne8 15. O-O
Bd8 16. Rfe1 Bc7 17. Be3 Bg6 18. g4 f6 19. Nb3 h5 20. h3 Bf7 21. exd5 exd5 22.
f4 hxg4 23. hxg4 g6 24. Na5 Rb8 25. Bd2 Ng7 26. Re7 Rfd8 27. Rae1 f5 28. Bh3
fxg4 29. Bxg4 Nf5 30. Bxf5 gxf5 31. Ne2 Bxa5 32. bxa5 Nf8 33. Ng3 Bg6 34. Kg2
Rd7 35. Kh3 Rbd8 36. Kh4 Nh7 37. R1e6 Rxe7 38. Rxe7 Rb8 39. Rc7 Kf8 40. b3 Kg8
41. b4 Kf8 42. b5 cxb5 43. Bb4 Kg8 44. c6 bxc6 45. Rxc6 Kf7 46. Rxa6 Rc8 47.
Ra7+ Kf6 48. Be7+ Ke6 49. Bc5 Rb8 50. a6 Rh8 51. Rc7 Be8 52. Kh3 Nf6+ 53. Kg2
Bd7 54. Rb7 Ra8 55. a7 Ng8 56. Rb6+ Kf7 57. Rb8 Bc6 58. Nxf5 Ke6 59. Nd6 Nf6 60.
Nxb5 Ne8 61. Kf3 Kd7 62. f5 Nc7 63. Nxc7 Kxc7 64. f6 1-0

[Event "33rd Zalakaros Open 2014"]
[Site "Zalakaros HUN"]
[Date "2014.05.25"]
[Round "3.16"]
[White "Donchenko, Alexander"]
[Black "Ekdyshman, Mikhail"]
[Result "1-0"]
[WhiteTitle "IM"]
[BlackTitle "IM"]
[WhiteElo "2498"]
[BlackElo "2351"]
[WhiteFideId "24603295"]
[BlackFideId "4149416"]
[EventDate "2014.05.23"]
[EventType "swiss"]

1. d4 d5 2. c4 Nc6 3. Nc3 Nf6 4. cxd5 Nxd5 5. Nf3 Bg4 6. e4 Bxf3 7. gxf3 Nxc3 8.
bxc3 e5 9. Rb1 Bd6 10. Rxb7 O-O 11. Qa4 Ne7 12. h4 f5 13. h5 fxe4 14. fxe4 Nc8
15. Rb5 Qe8 16. Be3 h6 17. Rg1 Kh8 18. Qd1 Qc6 19. Qd2 a6 20. Rd5 Rb8 21. Bd3
Ba3 22. Rg6 Rf6 23. Rd8+ Kh7 24. d5 Rxg6 25. dxc6 Rg1+ 26. Ke2 1-0

[Event "33rd Zalakaros Open 2014"]
[Site "Zalakaros HUN"]
[Date "2014.05.25"]
[Round "3.17"]
[White "Nemeth, Miklos1"]
[Black "Csonka, Attila Istvan"]
[Result "1-0"]
[WhiteTitle "IM"]
[BlackTitle "IM"]
[WhiteElo "2492"]
[BlackElo "2351"]
[WhiteFideId "720232"]
[BlackFideId "716529"]
[EventDate "2014.05.23"]
[EventType "swiss"]

1. e4 e5 2. Nf3 Nf6 3. Nc3 Nc6 4. Bb5 Bd6 5. d3 a6 6. Bxc6 dxc6 7. h3 Qe7 8. Ne2
h6 9. Ng3 g5 10. Nh2 Bd7 11. Bd2 O-O-O 12. Qf3 Rdg8 13. Ng4 Nxg4 14. hxg4 Qe6
15. Nf5 Qf6 16. Rh5 Bxf5 17. gxf5 Qd8 18. O-O-O f6 19. Bc3 c5 20. g3 Qf8 21.
Rdh1 Rh7 22. Kb1 Rgh8 23. Qe3 Qe7 24. b3 b6 25. Qc1 Kb7 26. Qb2 b5 27. Bd2 Qg7
28. Qc3 Qf8 29. Be3 Rd7 30. Qe1 Rdh7 31. f3 Kc6 32. R1h2 Qa8 33. Qh1 Qf8 34.
R2h3 Kb6 35. Qg1 Kb7 36. Qf2 Rg8 37. Rh1 Rgh8 38. f4 Qe7 39. fxg5 hxg5 40. Rxh7
Rxh7 41. Rxh7 Qxh7 42. Bxc5 Qh1+ 43. Qg1 Qf3 44. Bxd6 cxd6 45. a4 bxa4 46. bxa4
a5 47. Kb2 g4 48. Kc3 Kc6 49. Kd2 d5 50. Qe3 Qg2+ 51. Kc1 d4 52. Qh6 Qxg3 53.
Qxf6+ Kd7 54. Qe6+ Kc7 55. Kb2 Qf4 56. f6 g3 57. f7 g2 58. Qe7+ Kc6 59. Qe8+ 1-0

[Event "33rd Zalakaros Open 2014"]
[Site "Zalakaros HUN"]
[Date "2014.05.25"]
[Round "3.18"]
[White "Balazs, Gabor2"]
[Black "Berczes, David"]
[Result "1-0"]
[BlackTitle "GM"]
[WhiteElo "2397"]
[BlackElo "2482"]
[WhiteFideId "731374"]
[BlackFideId "722960"]
[EventDate "2014.05.23"]
[EventType "swiss"]

1. d4 e6 2. c4 c5 3. d5 exd5 4. cxd5 d6 5. Nc3 a6 6. a4 Ne7 7. e4 Ng6 8. g3 Be7
9. Bg2 O-O 10. Nge2 Nd7 11. O-O Re8 12. f4 Nf6 13. h3 h5 14. Kh1 Rb8 15. Rb1 Qc7
16. b4 cxb4 17. Rxb4 Bd7 18. Qb3 h4 19. g4 Nxg4 20. hxg4 Bxg4 21. Be3 Qd7 22.
Kh2 Bf6 23. Bd4 Bxd4 24. Nxd4 Rbc8 25. Nce2 Rc7 26. Rc4 Rxc4 27. Qxc4 Rc8 28.
Qb3 Rc7 29. Bh3 Bxh3 30. Qxh3 Qxa4 31. f5 Ne5 32. Qxh4 f6 33. Rg1 Qa3 34. Qxf6
Rd7 35. Qe6+ Rf7 36. Qe8+ Rf8 37. Rxg7+ Kxg7 38. Ne6+ Kh7 39. Qh5+ Kg8 40. Qg5+ 1-0

[Event "33rd Zalakaros Open 2014"]
[Site "Zalakaros HUN"]
[Date "2014.05.25"]
[Round "3.19"]
[White "Baumegger, Siegfried"]
[Black "To, Nhat Minh"]
[Result "1/2-1/2"]
[WhiteTitle "IM"]
[BlackTitle "IM"]
[WhiteElo "2469"]
[BlackElo "2329"]
[WhiteFideId "1602829"]
[BlackFideId "729019"]
[EventDate "2014.05.23"]
[EventType "swiss"]

1. Nf3 d5 2. c4 d4 3. g3 Nc6 4. Bg2 e5 5. O-O Nf6 6. d3 a5 7. Na3 Be7 8. Nc2 O-O
9. Rb1 h6 10. b3 Rb8 11. Bb2 Bf5 12. Nd2 Nb4 13. Nf3 Qd6 14. a3 Nxc2 15. Qxc2 c5
16. Bc1 g5 17. b4 cxb4 18. axb4 e4 19. Ne1 exd3 20. exd3 axb4 21. Bd2 Qb6 22.
Bxb4 Bxb4 23. Qa4 Nd7 24. Rxb4 Qd6 25. Qa5 Bg4 26. Nf3 b6 27. Qa3 Nc5 28. Rb5
Qf6 29. Nd2 Bf5 30. Ne4 Bxe4 31. Bxe4 Nxe4 32. dxe4 Rfd8 33. Qd3 Rbc8 34. Rd1
Rc5 35. Rb4 Qd6 36. Rdb1 Rb8 37. R1b3 Kg7 38. h3 Qf6 39. Kg2 Qd6 40. Ra4 Rbc8
41. Rab4 R8c6 42. Rb2 Qf6 43. Rd2 Rd6 44. Rdb2 Rdc6 45. Rd2 Rd6 46. Rdb2 1/2-1/2